[Event "Match 69_120'/40"]
[Site "Zürich"]
[Date "2022.??.??"]
[Round "38"]
[White "Mephisto Almeria 68000"]
[Black "Excel Mach III 68000"]
[Result "0-1"]
[WhiteElo "2079"]
[BlackElo "2021"]
[Annotator "KUT"]
[PlyCount "149"]
[EventDate "2022.??.??"]

1. d4 Nf6 {Match 120'/40 | Bediener: Rolf Bühler | 38. Partie: Schwarz (Mach
III) gewinnt | Zwischenstand: 21,5-16,5 (56,5%) für den Mephisto Almeria
68000 | Die scharfe Benoni-Verteidigung führt zu einem spannenden Kampf. Und
ausgerechnet ein etwas dubioser Turmzug des Mach III bringt dem amerikanischen
Programm den Erfolg, da sein Gegner zu wenig akkurat agiert. Mit einem
erzwungenen Qualitätsopfer zerschlägt Schwarz die gegnerische Bauernstruktur
im Königsflügel. Und ab diesem Moment übernimmt der Mach III mit seinen
aktiven Figuren, seinem Läuferpaar und seiner Bauernübermacht am
Damenflügel das Zepter. Der Almeria 68000 findet nie ein Rezept, um die
gegnerische Initiative einzudämmen und schliesslich geht er nach materiellen
Verlusten an der schwarzen Bauernübermacht zugrunde. Eine echt gute Partie
des Fidelity Excel Mach III 68000.} 2. c4 c5 3. d5 e6 4. Nc3 exd5 5. cxd5 d6 6.
Nf3 g6 7. g3 Bg7 8. Bg2 O-O 9. O-O Nbd7 10. Nd2 a6 11. a4 Re8 {***ENDE BUCH***}
12. h3 {***ENDE BUCH***} Rb8 $1 {Sehr gut gespielt: Schwarz strebt den
systembedingten Vorstoss b7-b5 an. Dieser Aufbau ist eine wichtig und kritisch
sogleich für die Benoni-Eröffnung.} 13. Nc4 $1 {Gilt als beste Fortsetzung,
d6 ist angegriffen.} Ne5 {Eine scharfe Alternative zum bedeutend solideren 13..
.Sb6, genau das, was kämpferische Benoni-Spieler suchen.} 14. Nxe5 {Keine
Neuerung, aber deutlich weniger üblich als 24.Sa3! Je nach Datenbanken
schwanken die weissen Gewinnquoten zwischen 10% bis 15% zugunsten des
Springerrückzuges.} Rxe5 15. Bf4 {[#]} Rf5 $6 {WICHTIG: Auf solch eine
verrückte Idee kann nur ein Dschungel-Schach-Programm aus der Küche von
Kathe & Dan Spracklen kommen. Der Turm steht hier gefährlich bis deplatziert.
Eine direkte Widerlegung ist zwar nicht zu sehen, aber aus prinzipiellen
Gründen sollten ungeübte Spieler solche Züge vermeiden. Mit einem Rückzug
auf der halboffenen e-Linie hätte Schwarz sicher nichts falsch gemacht. Ich
habe denn auch nicht eine einzige Partie zu 15...Tf5 in meinen Datenbanken
gefunden.} (15... Re8 16. Qd3 Qe7 17. e4 Nd7 18. Qe2 f5 19. Rfe1 Ne5 20. exf5
Bxf5 21. g4 Bd3 22. Qd2 c4 23. Ne4 Bxe4 24. Rxe4 Rbc8 25. Rae1 {1/2-1/2 (25)
Szczepanski,Z (2593)-Rattinger,F (2644) ICCF email 2010}) 16. e4 {Zwingt den
Gegner praktisch zum Opfer ...Txf4, zerschlägt dafür die solide Struktur des
weissen Königsflügels. Ein direkter Versuch, den Tf5 ohne Schwächung der
weissen Bauernstellung abzuholen, gibt Schwarz indessen genügend Gegenspiel,
zum Beispiel:} (16. Qd2 b5 17. axb5 axb5 18. g4 Rxf4 19. Qxf4 b4 20. Nd1 h5 $1
21. Ne3 hxg4 22. Nc4 Nh5 23. Qxd6 Qxd6 24. Nxd6 gxh3 25. Bf3 Bxb2 $11) 16...
Rxf4 17. gxf4 Bd7 ({Aktiver ist} 17... Nh5 18. Qf3 Qh4 19. Ne2 Bxb2 20. Rab1
Bf6 21. Rfc1 $1 (21. Rb6 Bd8 22. Rxd6 Bc7 23. e5 Bxd6 24. exd6 Bd7 $15) 21...
Be7 22. e5 Bf5 23. Rb6 Bd8 24. Rb3 $11) 18. Re1 Nh5 {Jetzt kommt er doch noch
auf die richtige Idee.} 19. f5 $2 {WICHTIG: Ein für den Mephisto Almeria eher
untypischer und anti-positioneller Zug, der insbesondere das Feld e5 schwächt
und dem Weissen jede Gegenchance nimmt, die mit dem allenfalls möglichen
Durchbruch e4-e5 verbunden war. Dabei waren mit 19.Df3 eine brauchbare
Alternative durchaus vorhanden:} (19. Qf3 Bd4 20. e5 $1 $14 {und Weiss steht
leicht besser}) 19... Nf4 {Die sofortige Besetzung des Feldes e5 durch den
Läufer ist stärker.} 20. Qf3 Qg5 $17 {Weiss hat zwar die Qualität mehr,
aber es genügt ein Blick auf das Brett, um zu sehen, dass Schwarz mit seinen
gut harmonierenden Figuren klar am Drücker ist.} 21. Qg3 {Der damit
angestrebte Damentausch bringt nicht die notwendige Entlastung.} Qxg3 22. fxg3
Nd3 23. Rf1 Bd4+ 24. Kh2 Nxb2 {Trotz der Drohungen ...Lxc3 und dann ...Sxa4
gelingt es Weiss gerade noch, den a-Bauern zu halten.} 25. Ne2 Be5 $1 ({
Aber ja nicht} 25... Nxa4 $2 26. Nxd4 cxd4 27. fxg6 hxg6 28. Rf6 $11 {
ausgeglichen}) 26. fxg6 hxg6 27. a5 {Bremst zwar den starken Vorstoss b7-b5
wegen axb6 en passent, räumt aber dem Ld7 das Feld b5 ein.} Nc4 {Logischer
und stärker war 27...Lb5.} 28. Ra2 b6 {Die Öffnung der b-Linie ist die
einfachste Methode, um Fortschritte zu machen.} 29. axb6 Rxb6 30. Nf4 $6 {
Weiss findet nicht den richtigen Plan, der im Manöver Se2-g1-f3 bestand, was
die wichtigen Zentrumsfelder d2, d4 und e5 kontrolliert und allenfalls doch
noch den Durchbruch mit e4-e5 zulässt.} a5 31. Nd3 Bd4 32. Rc1 Bb5 $6 {
Nun ist auch Schwarz nicht auf der Höhe und verpasst die deutlich stärkere
Fortsetzung 32...Se3, um seinen Vorteil zu vergrössern.} (32... Ne3 $1 33.
Rxa5 Rb3 34. Ne1 Rb2 35. Ra7 Bb5 36. Ra3 Kg7 37. Kh1 c4 38. h4 Re2 39. Bf3 Rf2
40. Bg2 Bb2 41. Ra2 c3 {Der schwarze Freibauer, unterstützt durch die aktiven
schwarzen Figuren wird zur tödlichen Gefahr.} 42. Rxc3 {Praktisch erzwungen.}
Bxc3 43. Rxf2 Bxe1 44. Rf3 Ng4 {wobei diese Stellung allerdings für unsere
Oldies technisch nicht zu bewältigen sein dürfte.}) 33. Nf2 $2 {Nach 33.Se1!
hätte Weiss keine Sorgen mehr, da} a4 34. Bf1 Ne5 35. Bxb5 ({Auch nach} 35.
Rb1 Bc4 36. Rxb6 Bxa2 37. Rxd6 Bxf2 {steht Schwarz klar besser, aber das war
eine zähere Verteidigung.}) 35... Rxb5 $19 {Schwarz hat nun eine gewonnene
Stellung erreicht.} 36. Rf1 (36. Rxa4 $2 Bxf2) 36... Rb4 {Es geht einfacher.} (
36... Rb2 $1 {Dieser Doppelangriff auf Ta2 und Sf2 führt zum Turmtausch und
danach ist gegen die schwarzen Freibauern am Damenflügel kein Kraut mehr
gewachsen.} 37. Rfa1 (37. Rxb2 Bxb2 $19) 37... a3 38. Rxb2 axb2 39. Rb1 c4 $19)
37. Nd1 c4 38. Kg2 Nd3 39. Ra3 Nc5 40. Re1 Rb3 41. Ra2 a3 {Das Ende naht.} 42.
Rc2 Nd3 43. Rf1 Nb4 44. Rxc4 a2 45. Rc8+ Kg7 46. Ra8 a1=Q 47. Rxa1 Bxa1 {
Nach langer Zeit hat Schwarz materielles Übergewicht und das ist hier
entscheidend.} 48. Rf3 Rb1 49. Ne3 Nd3 {Droht mit der Gabel ...Se1+ noch
zusätzlich die Qualität zu erobern.} 50. Rf1 Rb2+ 51. Kf3 Ne5+ 52. Kf4 f6 53.
g4 {Natürlich durfte der La1 nicht geschlagen werden.} (53. Rxa1 $4 Rf2# {matt
}) 53... Ra2 54. g5 Nd3+ 55. Kf3 fxg5 56. Nc4 Ne5+ 57. Nxe5 Bxe5 58. Rg1 Kh6
59. Rc1 Ra3+ 60. Kg2 Rg3+ 61. Kf2 Rxh3 {Der Rest ist Agonie.} 62. Ke2 g4 63.
Rf1 Bd4 64. Rc1 Re3+ 65. Kf1 Rxe4 66. Rc6 Bc5 67. Rc7 Re5 68. Kg2 Re2+ 69. Kh1
g3 70. Rh7+ Kg5 71. Rh5+ $5 {Noch eine nette Pattfalle.} Kf4 (71... gxh5 {
Remis durch Patt}) 72. Rh4+ Ke5 73. Rh5+ Ke4 74. Rh4+ Kxd5 75. Rh5+ {
***AUFGEGEBEN***} 0-1

[Event "Match 69_120'/40"]
[Site "Zürich"]
[Date "2022.??.??"]
[Round "39"]
[White "Excel Mach III 68000"]
[Black "Mephisto Almeria 68000"]
[Result "1/2-1/2"]
[WhiteElo "2021"]
[BlackElo "2079"]
[Annotator "KUT"]
[PlyCount "186"]
[EventDate "2022.??.??"]

{[%evp 0,186,19,31,63,33,30,30,31,6,5,0,2,0,18,21,3,-23,55,32,53,34,44,-2,61,
23,11,12,25,35,68,71,73,86,88,88,73,75,74,97,63,79,81,86,70,70,96,81,73,73,63,
70,78,66,70,62,128,141,145,145,181,202,272,202,199,206,209,179,209,233,221,229,
248,251,263,248,248,214,212,212,212,223,228,209,231,215,223,213,223,183,158,
158,166,147,152,172,152,188,172,188,230,266,266,269,259,283,277,288,329,190,
251,283,205,183,188,160,209,231,243,157,182,95,100,109,111,118,157,88,92,100,
141,146,146,146,146,146,199,102,102,90,93,98,118,108,127,140,140,127,140,86,
231,123,109,109,109,100,251,237,239,245,223,142,137,137,232,108,94,0,0,0,0,0,0,
0,0,0,0,0,0,0,0,0,0,0,0,0,0,0,0]} 1. d4 c6 {Match 120'/40 | Bediener: Rolf
Bühler | 39. Partie: remis | Zwischenstand: 22,0-17,0 (56,4%) für den
Mephisto Almeria 68000 | Gegen die Slawische Verteidigung erhält Weiss einen
spürbaren Vorteil nach der Eröffnung. Und das schliesslich entstehende
Endspiel ist schlicht gewinnträchtig, führt jedoch zu Stellungen, in der
beide Programme infolge zu geringer Rechenkraft und fehlendem Wissen vielfach
danebengreifen. Und einmal mehr gelingt es dem Fidelity Excel Mach III 68000
nicht, den errungenen Vorteil in einen Sieg umzumünzen. Mit dem Remis darf
der Mephisto Almeria 68000 mehr als zufrieden sein.} 2. c4 d5 3. Nf3 Nf6 4. Nc3
dxc4 5. a4 Bf5 6. Ne5 e6 {Als verlässlicher und weniger scharf gilt die
sofortige Anrempelung des starken Springers durch 6...Sbd7, weil damit der
weisse Aufbau mit f3 gefolgt von e4 - wie in der Partie - verhindert wird.} 7.
f3 Bb4 {***ENDE BUCH***} 8. Nxc4 {***ENDE BUCH***} Nd5 9. Qd2 $6 {Eine etwas
seltsame Fortsetzung, indem sich die weisse Dame freiwillig in eine Fesslung
begibt und zudem noch die Entwicklung des eigenen Läufers verstellt.} Bg6 10.
e4 Nb6 11. Ne5 N8d7 12. Nxg6 {Beraubt dem Gegner des Läuferpaars, muss dabei
jedoch die Öffnung der h-Linie zulassen.} hxg6 13. Be2 Bd6 14. f4 Qh4+ $6 {
Fragwürdig und besser durch 14...a5 zu ersetzen, was den Sb6 vor dem
lästigen Vorstoss a4-a5 schützt.} 15. g3 Qh3 16. Bf1 Qh5 17. a5 Nc8 18. h4 {
Noch kräftiger geschieht 18.e5, was die gegnerische Stellung maximal
einschränkt.} Qf3 19. Rg1 Bb4 20. Be2 Bxc3 21. Bxf3 Bxd2+ 22. Bxd2 {Auch
dieses Endspiel ist für Weiss mit dem starken Läuferaar langfristig
vorteilhaft.} a6 23. d5 $5 {Öffnet die Stellung für das Läuferpaar.} exd5
24. exd5 Ne7 25. dxc6 Nxc6 26. Bc3 Nf6 27. O-O-O Rc8 $2 {Unverständlich, dass
Schwarz seinen König nicht mit der kurzen Rochade in Sicherheit bringt.} 28.
Rge1+ Kf8 29. Kb1 Nh5 30. Rd7 $18 {Der positionelle Vorteil von Weiss ist
schon entscheidend.} Kg8 31. Bd5 Nd8 32. Re8+ Kh7 33. Re3 (33. Rxh8+ Kxh8 34.
Re7 Nf6 35. Bxf7 Nxf7 36. Rxf7 Nh5 37. g4 Kg8 38. Rxb7 Nxf4 39. Rxg7+ Kf8 40.
Ra7 Rc6 $18 {Weiss Gewinnstellung}) 33... Kg8 34. Bxb7 Nxb7 35. Rxb7 Ra8 36. b4
f6 37. b5 (37. Ree7 $1 $18 {ist wesentlich stärker, weil es Schwarz nun
gelingt, die Verbindung der Türme herzustellen.}) 37... axb5 38. Rxb5 Kh7 39.
Rb7 {Droht mit g4 zu gewinnen, z.B. g4 Sx4, Lxf6 Thg8, T3e7 +-} Rhg8 40. Kb2
Rgc8 41. Be1 {Einfacher 41.T3e7, denn meistens sind 2 auf der 7. Reihe
postierten Türme tödlich für den Gegner.} Re8 {Eine bessere Idee ist es,
den König mit 41...Kh6 aus der h-Linie zu nehmen.} 42. Rbe7 $6 {Verpasst den
Gewinn.} (42. Rxe8 Rxe8 43. Bc3 Nxg3 44. Bxf6 $18 {und gewinnt}) 42... Rec8 (
42... Rxe7 43. Rxe7 Nxg3 {hätte die schwarze Verteidigung wesentlich
erleichtert.}) 43. Ka3 Rc1 44. Ka4 Ra1+ 45. Kb5 (45. Ra3 $1 {ist ein Zug, wie
man ihn im Turmendspiel ausführt: Der Turm gehört hinter den Freibauer.})
45... Rb1+ 46. Kc6 Rc8+ $2 {[%mdl 32768] Viel besser ginge der Turm nach a6.} (
46... Ra6+ 47. Kc5 Rxe1 $1 48. Rxe1 Rxa5+ 49. Kb6 Ra3 50. R1e3 Rxe3 51. Rxe3 g5
52. hxg5 fxg5 53. f5 g4 54. Kc6 g6 55. fxg6+ Kxg6 $11 {theoretisch Remis}) 47.
Rc7 Ra8 48. Ree7 Kg8 {Etwas mehr Widerstand leistet 48...Kh8, weil der König
auf diesem Feld keinem Turmschach auf g7 ausgesetzt ist.} 49. Kc5 Rc1+ 50. Kb5
Rb8+ 51. Ka6 Rxc7 52. Rxc7 Rb1 53. Bf2 Rb3 54. Rc8+ Kh7 55. Ka7 Nxg3 {[#]} 56.
Rc4 $2 {Der Mach III findet in diesem Endspiel den logischen Zug Lxg3 nicht.
Dabei wäre der Übergang zu einem reinen Turmendspiel leicht zu gewinnen mit
dem weit vorgerückten a-Bauer. Der Almeria 68000 hätte auf Turnierstufe (ST
05/13) richtig 56.Lxg3 gespielt, später dann auf 56.a6? gewechselt, um bei ST
07/15 mit Bewertung 0.72 wieder zum Springertausch zurückzukehren. Und ein
zusätzlicher Test bestätigt, dass der Almeria 68000 dieses Endspiel auch
gewonnen hätte.} (56. Bxg3 Rxg3 57. a6 g5 58. hxg5 fxg5 59. fxg5 Rxg5 (59...
Kg6 60. Ka8 Ra3 61. a7 Rb3 62. Rb8 Ra3 63. Rb5 Ra1 64. Kb7 Ra2 65. a8=Q $18)
60. Kb6 Rg6+ 61. Rc6 (61. Kb7 {gewinnt ebenfalls} Rg1 62. a7 Rb1+ 63. Kc6 Rc1+
64. Kd7 Rd1+ 65. Ke6 $18) 61... Rg1 62. a7 Rb1+ 63. Ka6 g5 64. a8=Q Ra1+ 65.
Kb7 Rxa8 66. Kxa8 g4 67. Kb7 g3 68. Rc3 g2 69. Rg3 $18) 56... Nf5 57. Re4 $6 (
57. Bc5 $1 {ist ungleich stärker mit der Idee, Tb4 folgen zu lassen, was den
schwarzen Turm von der b-Linie vertreibt und es dem eigenen König erlaubt,
die b-Linie zu betreten ... und all dies würde dem Vormarsch des Freibauern
auf der a-Linie gewinnbringend helfen.}) 57... Kh6 58. a6 Kh5 59. Be1 Kg4 ({
Nach} 59... Nxh4 {gewinnt Weiss systematisch} 60. Rb4 $1 Re3 61. Bf2 Re2 62.
Bc5 Ra2 63. Kb6 Kg4 64. Kb5 Ng2 65. Bd6 f5 66. Ra4 $18) 60. Ka8 $2 {[%mdl
32768] Damit ist kein Blumentopf zu gewinnen Weiss gerät in die Remiszone.
Mit 60.Tb4! sollte Weiss den schwarzen Turm von der b-Linie abschneiden, so
dass der König auf die b-Linie gehen kann, wonach der Vormarsch des
Freibauern nicht mehr aufzuhalten ist.} Rb1 61. Bd2 {Noch besser ginge der
Läufer nach f2.} Rb2 62. Bb4 Kf3 63. Rc4 Ne3 64. Rd4 Nf5 65. Ba3 Rb5 $2 {
[%mdl 32768] Das sollte wieder verlieren, was nach dem korrekten 65...Tb3
nicht der Fall wäre.} 66. Ra4 $2 {[%mdl 32768] Aber auch Weiss ist nicht auf
der Höhe und geht am Gewinn, einleitend mit 66.Tc4 vorbei.} Ne3 67. Bd6 Nf5 $2
{[%mdl 32768] Und erneut wendet sich das Blatt. Nach 67...Sd5 scheint kein
weisser Gewinn mehr in Sicht.} 68. Bb8 $2 {[%mdl 32768] Besser 68.Lf8, um den
Springer an g7 zu binden.} Nxh4 69. a7 Nf5 70. Rc4 Kg4 71. Rc7 Rb6 72. Rb7 Re6
$2 {[%mdl 32768] Natürlich ist 72...Ta6 richtig gemäss der Regel, dass
Türme hinter die Freibauern gehören.} 73. Rd7 $2 {[%mdl 32768] Mit 73.Tb4
bewahrt sich Weiss seine Gewinnchancen.} Rb6 74. Rd1 Ne3 75. Rd4 Nf5 76. Rd8
Rb4 77. Bc7 Ne3 $2 {[%mdl 32768] Mit 77...Sd4 oder 77...Se7, was dem Springer
das wichtige Feld c6 einräumt, konnte Schwarz das Gleichgewicht halten.} 78.
Rb8 Ra4 79. Kb7 Nd5 80. a8=Q $2 {[%mdl 32768] Diese Umwandlung kommt einen Zug
zu früh. Weiss hätte vorerst mit z.B. Ld6 seinen Läufer behalten sollen.
Nun könnte Schwarz wieder ausgleichen.} Rxa8 81. Rxa8 Nxf4 $2 {Das ist der
falsche Weg. Zum Remis genügt 81...Sxc7 82.Kxc7 Kxf4 =[#]} 82. Bxf4 $2 {
Verdirbt die gewonnene Partie im letzten Moment zum Remis.} (82. Kc6 g5 83. Ra3
f5 84. Kd6 Nh3 85. Ke5 f4 86. Ra2 f3 87. Ke4 f2 88. Ra1 Nf4 89. Rf1 Nh3 90. Ke3
Kh4 91. Kf3 g4+ 92. Kg2 {und gewinnt, da Schwarz in Zugzwang kommt}) 82... Kxf4
{Eine seltene Konstellation, wo zusammenhängende Bauern, darunter gar ein
Doppelbauer, einem Turm doch Paroli bieten können. Dafür verantwortlich ist
vor allem die Abseitsstellung des weissen Königs vom Kampfgeschehen.} 83. Kc6
g5 84. Kd6 g4 85. Rg8 g3 86. Rxg7 Kf3 87. Ke6 f5 88. Kxf5 g2 89. Ke5 Kf2 90.
Rf7+ Kg3 91. Rg7+ Kf2 92. Ke4 g1=Q 93. Rxg1 Kxg1 {***REMIS MATERIAL***} 1/2-1/2